000
00296nam a22001217a 4500
008
180730b xxu||||| |||| 00| 0 eng d
082
_a
813.52
245
_a
Microsoft Office Home and Student 2007
_c
Microsoft
260
_c
2007
300
_a
1
_f
CD
440
_x
00136921033239
942
_2
ddc
_c
MX
999
_c
46685
_d
46685